| 000 | 00000nam 2200000zi 4500 |
| 001 | 9.929420 |
| 003 | CaOODSP |
| 005 | 20250506150913 |
| 006 | m o d f |
| 007 | cr cn||||||||| |
| 008 | 231025e20231212onc ob f000 0 eng d |
| 020 | |a9780660684703 |
| 040 | |aCaOODSP|beng|erda|cCaOODSP |
| 043 | |an-cn--- |
| 086 | 1 |aD97-3/60-100-2023E-PDF |
| 245 | 00|aPractitioner guidance for securing Microsoft Active Directory services in your organization. |
| 264 | 1|a[Ottawa] : |bCommunications Security Establishment = Centre de la sécurité des telecommunications, |cDecember 12, 2023. |
| 300 | |a1 online resource (25 unnumbered pages) |
| 336 | |atext|btxt|2rdacontent |
| 337 | |acomputer|bc|2rdamedia |
| 338 | |aonline resource|bcr|2rdacarrier |
| 490 | 1 |aPractitioner ; |vITSP.60.100 |
| 500 | |aIssued also in French under title: Guide visant à sécuriser les services Active Directory de Microsoft dans votre organisation. |
| 500 | |a"Unclassified." |
| 500 | |a"Canadian Centre for Cyber Security." |
| 500 | |a"Practitioner." |
| 504 | |aIncludes bibliographical references. |
| 650 | 0|aDirectory services (Computer network technology) |xSecurity measures|zCanada. |
| 650 | 0|aBusiness enterprises|xComputer networks|xSecurity measures|zCanada. |
| 710 | 2 |aCommunications Security Establishment (Canada), |eissuing body. |
| 710 | 2 |aCanadian Centre for Cyber Security, |eissuing body. |
| 775 | 08|tGuide visant à sécuriser les services Active Directory de Microsoft dans votre organisation.|w(CaOODSP)9.929423 |
| 830 | #0|aPractitioner series (Communications Security Establishment (Canada))|vITSP.60.100.|w(CaOODSP)9.842846 |
| 856 | 40|qPDF|s496 KB|uhttps://publications.gc.ca/collections/collection_2024/cstc-csec/D97-3-60-100-2023-eng.pdf |
| 856 | 4 |qHTML|sN/A|uhttps://www.cyber.gc.ca/en/guidance/practitioner-guidance-securing-microsoft-active-directory-services-your-organization-itsp60100 |